000 00445nam a2200145 a 4500
001 000036808
005 20200930075941.0
008 120201s2012 dr ac 000 0 spa d
040 _aDO-SdBNP
_bspa
_cBNPHU
082 _axxxx
_bQ79m
100 1 _aQuiƱones, Arturo
_963152
245 1 0 _aMemorias de un sensei :
_bel arte del karate do /
_cArturo QuiƱones.
260 _aSanto Domingo :
_fSerigraf
_c2012.
300 _a130 p. :
_bils., retr. ;
_c22 cm.
999 _c36299
_d36299